Accidentes de tránsito: doctrina y jurisprudencia sistematizada, responsabilidad civil, competencia sujetos de la reclamación, culpabilidad prueba, reparación de los daños, seguro (Registro nro. 6349)

Detalles MARC
000 -Cabecera
Campo de control de longitud fija 00825aam a2200265 4500
005 - Fecha y hora de la última transacción
Campo de control 20250912133910.0
008 - Elementos de longitud fija--Información general
Campo de control de longitud fija 150703b1994 xxu||||| |||| 00| 0 spa d
020 ## - International Standard Book Number
Número Internacional Estándar del Libro (ISBN) 9505088305X
041 ## - Idioma
Código de idioma Español
082 ## - Clasificación Decimal Dewey
Número de clasificación 363.125.25 D213a
100 ## - Entrada principal--Autor personal
Nombre personal Daray, Hernán
9 (RLIN) 34552
245 ## - Título propiamente dicho
Título Accidentes de tránsito: doctrina y jurisprudencia sistematizada, responsabilidad civil, competencia sujetos de la reclamación, culpabilidad prueba, reparación de los daños, seguro
Subtítulo Parte 1
250 ## - Edición
Mención de edición 2 edición
260 ## - Pie de imprenta
Lugar de publicación, distribución, etc. Argentina
260 ## - Pie de imprenta
Nombre del editor, distribuidor, etc. Astrea
260 ## - Pie de imprenta
Fecha de publicación, distribución, etc. 1994
300 ## - Descripción física
Extensión 578 páginas
490 ## - Serie
Título de la Serie Investigación Criminal
650 ## - Materia general
Temática (materia general) ACCIDENTES DE TRÁNSITO
650 ## - Materia general
Temática (materia general) RESPONSABILIDAD CIVIL
650 ## - Materia general
Temática (materia general) CULPABILIDAD
650 ## - Materia general
Temática (materia general) PRUEBA
650 ## - Materia general
Temática (materia general) REPARACIÓN DE LOS DAÑOS
942 ## - Punto de acceso adicional KOHA
Tipo de ítem KOHA Libro
Fuente del sistema de clasificación o colocación Dewey Decimal Classification
Existencias
Signatura completa Código de barras Programa Académico Tipo de ítem
363.125.65 D213a 3202 Investigación Criminal Libro